01647cam a2200349 i 4500003000900000005001700009007000300026008004100029020001800070040003000088082001300118100007400131240002700205245008000232250002000312264004100332300002600373336002700399337003400426338002800460490002700488500022300515500003900738504002800777520023600805590002701041700005201068910001401120942001401134952013201148999001701280DO-SdBNP20231013094243.0ta751003s2016 sp 000 0 spa d a9788437604909 aDO-SdBNPbspacBNPHUerda 4bH9882221 aHuysmans, Joris Karld1848-190795111qCharles Marie Georges Huysmans10aA rebours /lespañol10aA contrapelo /cJoris-Karl Huysmans ; edición y traducción Juan Herrero a8va. edición  1aMadrid, España :bCatedra, c2016. a368 páginasc19 cm. 2rdacontentatextobtxt 2rdamediaasin mediación bn 2rdacarrieravolumenbnc1 aLetras universalesv17 aJoris-Karl Huysmans (1848-1907), nacido en París fue primer seguidor de Zola, para luego entrar en la corriente espiritual, decadente y refinada, en la que brilló también Villiers de I´Isle-Adam, su gram amigo.  aIncluye notas a pie de páginas.  aBibliografía p: 89-91 aA contrapelo es la gran novela de la ruptura con un naturalismo ya exhausto. Es la novela de la nueva sensibilidad estética, inconformista, encarnada en su protagonista, el exquisito y rebelde duque Jean Floressas Des Esseintes.  aInventariado, 2023/ YL1 aHerrero, Juaneedición y traducción 984436 aYlockward 2ddccLBS1 00102ddc56708GRaBNPHUbBNPHUcCTd2019-02-02eLibrería Cuestal0oBNPHU GR H988p2023-6832r2023-10-10w2023-10-10yLBS1 c55139d55139